01140cam a22002771 4500001001300000003000400013005001700017008004100034010001700075035001900092040007600111042001200187050002700199051001800226100004000244245010000284260009200384300003100476410006600507500001600573500014300589504003100732650004400763740003800807999001700845hew62000003 DLC20260227111511.0770120s1961 xx 000 0 eng c ahew62000003  a(OCoLC)2690406 aU.S. Dept. of Health, Education and Welfare librarycOKentUdOCoLCdDLC apremarc00aL111b.A6 1961, no. 22 aLB1027.5b.F81 aFusco, Gene C.q(Gene Carl),d1928-10aOrganization and administration of pupil personnel service programs in selected school systems. a[Washington]bU.S. Dept. of Health, Education, and Welfare, Office of Educationc[1961] avi, 67 p.bdiagrs.c23 cm.10aUnited States.bOffice of Education.tBulletin, 1961,vno. 22 a"OE-23014." aCopies 1 and 3 of L111.A6 bound with: Bulletin / United States. Office of Education, 1961, no. 23-1961, no. 29, subsequent to publication. aBibliographical footnotes. 0aEducational counselingxAdministration.0 aPupil personnel service programs. c34339d34339